Transformers their principles and design for light electrical engineers (Record no. 3956)

000 -LEADER
fixed length control field 00452nam a22001577a 4500
008 - FIXED-LENGTH DATA ELEMENTS--GENERAL INFORMATION
fixed length control field 200708b ||||| |||| 00| 0 eng d
082 00 - DEWEY DECIMAL CLASSIFICATION NUMBER
Classification number 621.3143
Item number C75274
100 ## - MAIN ENTRY--PERSONAL NAME
9 (RLIN) 3271
Personal name Connelly, F. C.
245 10 - TITLE STATEMENT
Title Transformers their principles and design for light electrical engineers
250 ## - EDITION STATEMENT
Edition statement 1st ed.
260 ## - PUBLICATION, DISTRIBUTION, ETC. (IMPRINT)
Place of publication, distribution, etc London
Name of publisher, distributor, etc Pitman
Date of publication, distribution, etc 1959
300 ## - PHYSICAL DESCRIPTION
Extent xiv,490p.
365 ## - TRADE PRICE
Unit of pricing 28.00
650 #0 - SUBJECT ADDED ENTRY--TOPICAL TERM
Topical term or geographic name as entry element Electric Transformers
942 ## - ADDED ENTRY ELEMENTS (KOHA)
Item type Books
Holdings
Withdrawn status Lost status Source of classification or shelving scheme Damaged status Not for loan Permanent location Current location Date acquired Source of acquisition Full call number Barcode Date last seen Koha item type
          IMU Kolkata IMU Kolkata 1962-03-15 Newman & Co 621.3143 C75274 02704 2020-07-08 Books
Designed and Maintained by IMU-KC Library, Kolkata Campus © Copyright All Rights Reserved

webs counters

Powered by Koha